Statistiques concernant Les Films de Ridley Scott

Cliquez ici pour prendre le quiz!

Statistiques générales

  • Ce quiz a été pris 153 fois
  • Le résultat moyen est 9 sur 25

Statistiques - réponses

HintRéponse% Correct
1979Alien
93%
2000Gladiator
86%
1982Blade Runner
70%
2012Prometheus
58%
2017Alien : Covenant
47%
1991Thelma et Louise
44%
2005Kingdom of Heaven
43%
2010Robin des Bois
41%
1977Les Duellistes
38%
2015Seul sur Mars
32%
2007American Gangster
29%
2014Exodus : Gods and Kings
29%
2002La Chute du Faucon Noir
28%
2008Mensonges d'Etat
28%
19921492 : Christophe Colomb
25%
2013Cartel
25%
2001Hannibal
23%
1985Legend
23%
1989Black Rain
20%
2017Tout l'Argent du Monde
20%
2006Une Grande Année
18%
2003Les Associés
17%
1997A armes egales
16%
1987Traquée
15%
1996Lame de Fond
13%

Distribution des résultats

Percentile par nombre de réponses

% des personnes avec chaque résultat

Votre développement - résultats

Vous n’avez pas pris ce quiz